| 000 | 00727nam a2200217 4500 | ||
|---|---|---|---|
| 001 | 1708667 | ||
| 005 | 20180125040820.0 | ||
| 008 | 691231s1969 nyua b 000 0 eng | ||
| 010 | _a 70079429 | ||
| 020 | _a0835202232 | ||
| 040 |
_aDLC _cDLC _dDLC |
||
| 041 | _aeng | ||
| 080 | _aL 021.00973 KNI | ||
| 082 | 0 | 0 | _a021.00973 KNI |
| 100 | 1 | _a0 | |
| 101 | _aLIB | ||
| 245 | 1 | 0 |
_aLibraries at large: _cedited by Douglas M. Knight and E. Shepley Nourse. |
| 504 | _aIncludes bibliographical references. | ||
| 906 |
_a7 _bcbc _corignew _du _encip _f19 _gy-gencatlg |
||
| 942 |
_2ddc _cBK |
||
| 999 |
_c40902 _d40902 |
||